00369nam a22001457a 4500003000400000020001800004082001700022100002300039245004400062250001300106260003700119300000800156650001500164653004400179SGT a9789390612420 a618.92bR22M aMORRISON, WYNNE E. aROGERS HB. OF PEDIATRIC INTENSIVE CARE  a1ST S.A. aINDIA bWOLTERS KLUWER PUBc2022 a723 aPEDIATRICS aROGERS HB. OF PEDIATRIC INTENSIVE CARE